Brutnijat razmer na danačnite otčislenija.

Otázka podielu brutto daní v hrubom dôchodku hospodárskych subjektov sa doteraz pri uskutočňovaní daňovej reformy nezohľadňovala. Pritom dane majú veľký vplyv na aktivitu a efektívnosť. Pokus na základe daňovej praxe rôznych krajín určiť základné činitele určujúce podiel daní. Vymedzenie všeobecne p...

Ausführliche Beschreibung

Gespeichert in:
Bibliographische Detailangaben
1. Verfasser: Balabanov, I.
Format: Buchkapitel
Sprache:Bulgarisch
Schlagworte:
Tags: Tag hinzufügen
Keine Tags, Fügen Sie das erste Tag hinzu!

MARC

LEADER 00000naa a2200000 4500
001 r009558
005 20221125114940.5
041 0 |a bul 
044 |a BG 
245 1 0 |a Brutnijat razmer na danačnite otčislenija.  |c I. Balabanov 
520 |a Otázka podielu brutto daní v hrubom dôchodku hospodárskych subjektov sa doteraz pri uskutočňovaní daňovej reformy nezohľadňovala. Pritom dane majú veľký vplyv na aktivitu a efektívnosť. Pokus na základe daňovej praxe rôznych krajín určiť základné činitele určujúce podiel daní. Vymedzenie všeobecne platných princípov formovania daňových sadzieb. 
610 2 0 |a politika daňová 
610 2 0 |a dôchodok hrubý 
610 2 0 |a dôchodok podniku 
610 2 0 |a dane podnikové 
610 2 0 |a reformy hospodárske 
610 2 0 |a sadzby daňové 
610 2 0 |a efektívnosť 
100 1 |a Balabanov, I.